01286nam a2200313 a 45000010008000000030004000080050017000120080041000290100017000700200015000870400013001020820013001151100019001282450173001472600039003203000025003595000031003845000066004155000111004815040052005926500025006446500041006696500022007107100076007329060045008089420012008539990015008659520092008802056100OSt20230704150223.0930408s1992 nyua i000 0 eng  a 93124439  a9211301505 aDLCcDLC a364bUNI bUnited Nations00acommission on crime Prevention and Criminal JusticebReport on the first Session (21-30 April 1992) Economic and Social Council official records, 1992 Supplement no. 10 aNew York :bUnited Nations,c1992. a100pbill. ;c30 cm. a"ST/CSDHA/17"--T.p. verso. a"United Nations publication sales no. E.92.IV.3"--T.p. verso. aAt head of title: United Nations Office at Vienna, Centre for Social Development and Humanitarian Affairs. aIncludes bibliographical references (p. 63-65). 0aCriminal statistics. 0aCriminal justice, Administration of. 0aCrime prevention.2 aCentre for Social Development and Humanitarian Affairs (United Nations) a7bcbccorignewd2encipf19gy-gencatlg 2ddccBK c3886d3886 00102ddc4070a002b002d2023-07-04l0o364 UNIp10011693r2023-07-04w2023-07-04yBK